00430 a2200121 4500020001500000082001800015245005600033260004700089300002700136650002100163999001500184952010900199 a072773170X a624.15136 RAI aGround and Soil ImprovementcEdited by C. A. Raison aLondon :bThomas Telford Publishing,c2004 a193p. :bill. ;c29 cm aSoil Improvement c1134d1134 00104070aNITbNITcCEd0000-00-00l1o624.15136 RAIpNIT-920 r2020-10-19s2020-02-03w2017-01-05yBK